Sports Quiz

Random Sports or NFL Quiz

Top 10 NFL Draft Pick Schools Since 2010 Quiz Stats

 Plays Quiz not verified by Sporcle

Challenge
Share
Tweet
Embed
Score 0/34 Timer 07:00
0 Plays Today
% Correct
Alabama
97.5%
Auburn
93.7%
LSU
91.5%
Florida St.
90.8%
Ohio St.
90.8%
Georgia
90.5%
Notre Dame
88.7%
Oklahoma
88.4%
Oregon
88.4%
Clemson
87.7%
Florida
87.7%
Texas A&M
87%
Baylor
85.9%
USC
84.9%
Stanford
82.4%
Michigan St.
81.3%
California
77.5%
% Correct
Miami-FL
75.7%
UCLA
74.3%
Oklahoma St.
73.9%
North Carolina
69.4%
Nebraska
66.2%
Missouri
65.1%
South Carolina
65.1%
West Virginia
64.8%
Iowa
63.4%
Tennessee
62%
Washington
57.4%
Central Florida
48.6%
North Dakota St.
48.2%
Central Michigan
47.5%
Buffalo
43.3%
Boston Col.
41.9%
BYU
31.3%

You're not logged in!

Compare scores with friends on all Sporcle quizzes.
OR
Log In

You Might Also Like...

Show Comments

Extras

Top Quizzes Today


Score Distribution

Your Account Isn't Verified!

In order to create a playlist on Sporcle, you need to verify the email address you used during registration. Go to your Sporcle Settings to finish the process.

Report this User

Report this user for behavior that violates our Community Guidelines.

Details: